000 00293nam a22001337a 4500
008 170419b xxu||||| |||| 00| 0 eng d
020 _a0397510594
041 _aeng
080 _a573
100 _a11
101 _aSHM
245 _aHEMOSTASIS AND THROMBOSIS
_cCOLMAN, R.W
942 _2udc
_cBK
999 _c11088
_d11088